Los retos de la población en América Latina y el Caribe /
En el artículo se expone como la región (América Latina y el Caribe) presenta un patrón caracterizado por índices demográficos notablemente distantes de los que ostentaba algunas décadas atrás, no obstante lo cual persisten fuertes desigualdades sociales y étnicas
保存先:
| 第一著者: | |
|---|---|
| フォーマット: | テキスト |
| 主題: | |
| タグ: |
タグ追加
タグなし, このレコードへの初めてのタグを付けませんか!
|
MARC
| LEADER | 00000 a a2200000 04500 | ||
|---|---|---|---|
| 001 | 10284 | ||
| 003 | |||
| 040 | |||
| 100 | |a Machinea, José Luis | ||
| 245 | |a Los retos de la población en América Latina y el Caribe / |c José Luis Machinea | ||
| 520 | |a En el artículo se expone como la región (América Latina y el Caribe) presenta un patrón caracterizado por índices demográficos notablemente distantes de los que ostentaba algunas décadas atrás, no obstante lo cual persisten fuertes desigualdades sociales y étnicas | ||
| 650 | |a POBLACION | ||
| 650 | |a DESIGULADAD SOCIAL | ||
| 650 | |a ENVEJECIMIENTO | ||
| 650 | |a AMERICA LATINA Y EL CARIBE | ||
| 773 | |g número 53 especial; páginas 2 | ||
| 999 | |c 34979 |d 34979 | ||
